00390nam a2200133Ia 450000500170000000800410001704100120005808200130007010000260008324500840010926000090019350000080020265000460021020240823065931.0240823s9999||||xx |||||||||||||| ||und|| aENGLISH A006.7 R1 a"Alan Gowri Phivin,V" 3aAn efficient Optimal Algorithms for Image Retrieval Using Clustering Techniques c2021 aYES aOptimal AlgortihmsbComputer Applications